000
00239nam a22001097a 4500
082
_a
080/SWA
100
_a
Swami,Om
_9
82313
245
_a
A million Thoughts
260
_a
Mumbai
_b
Jaico Publishing
_c
2023
650
_a
Philosophy
942
_c
BK
999
_c
66777
_d
66777